Clubs de la LiquiMoly Starligue (2025-2026) - Statistiques

Statistiques générales
  • Ce quiz a été pris 9 fois
  • Le résultat moyen est 12 sur 16
Statistiques - réponses
Numéro Club (ville) % Correct
10 Nantes
100%
12 Paris
100%
15 Toulouse
100%
2 Cesson
86%
3 Chambéry
86%
8 Limoges
86%
9 Montpellier
86%
11 Nîmes
86%
14 Selestat
86%
1 Aix-en-Provence
71%
6 Dunkerque
71%
4 Chartres
57%
13 Saint-Raphaël
57%
7 Istres
43%
16 Tremblay-en-France
43%
5 Dijon
29%
Aucun quiz correspondant
Distribution des résultats
% des personnes avec chaque résultat
Percentile par nombre de réponses
Votre historique - résultats
Vous n’avez pas pris ce quiz